• 首页
  • 本馆介绍
  • 公告通知
  • 最新文献
  • 馆藏检索
  • 电子资源
  • 读者导购
  • 参考咨询
  • 我的图书馆
  • 登录
  • 详细信息显示
  • 放入我的书架
  • 预约/预借图书
  • 作者相关作品
  • 分类相关作品
  • 丛书相关作品
  • 出版社相关作品

书目信息

  • 表格格式
  • 工作单格式
  • 卡片格式
题名:
消防车发动机维护
    
 
作者: 吕东明 , 葛步凯 主编
分册:  
出版信息: 南京   南京大学出版社  2018
页数: 272页
开本: 26cm
丛书名:
单 册:
中图分类: U469.607-43
科图分类:
主题词: 消防汽车--xiao fang qi che--发动机--车辆修理--技术培训--教材
电子资源:
ISBN: 978-7-305-20714-3
000 00974nam0 2200277 450
001 012001005264
005 20140101154814.0
010    @a978-7-305-20714-3@dCNY41.00
099    @aCAL 012019083508
100    @a20190627d2018 em y0chiy50 ea
101 0  @achi
102    @aCN@b320000
105    @aak a 000yy
106    @ar
200 1  @a消防车发动机维护@Axiao fang che fa dong ji wei hu@f主编吕东明, 葛步凯
210    @a南京@c南京大学出版社@d2018
215    @a272页@c图@d26cm
300    @a消防职业技能教育培训教材
320    @a有书目 (第272页)
330    @a本书分为五章,介绍了消防车发动机维护概述、消防车发动机构造、消防车打洞机的拆装、消防车常用发动机维护、消防车发动机简单故障诊断与排除等内容。
606 0  @a消防汽车@Axiao fang qi che@x发动机@x车辆修理@x技术培训@j教材
690    @aU469.607-43@v5
701  0 @a吕东明@Alv dong ming@4主编
701  0 @a葛步凯@Age bu kai@4主编
801  0 @aCN@b江苏凤凰@c20191020
905    @b1207814-6@dU469.607-43@e915@f3
    
    消防车发动机维护/主编吕东明, 葛步凯.-南京:南京大学出版社,2018
    272页:图;26cm
    消防职业技能教育培训教材
    
    ISBN 978-7-305-20714-3:CNY41.00
    本书分为五章,介绍了消防车发动机维护概述、消防车发动机构造、消防车打洞机的拆装、消防车常用发动机维护、消防车发动机简单故障诊断与排除等内容。
●
相关链接 在E读中查询图书 在五车中查询图书 在当当中查询图书 在豆瓣中查询图书


正题名:消防车发动机维护     索取号:U469.607-43/915         预约/预借

序号 登录号 条形码 馆藏地/架位号 状态 备注
1 1207814   212078142   第二样本阅览室/ [索取号:U469.607-43/915] 在馆    
2 1207815   212078151   第三借阅区/ [索取号:U469.607-43/915] 在馆    
3 1207816   212078160   第三借阅区/ [索取号:U469.607-43/915] 在馆    
唐山师范学院图书馆 欢迎您!
大连网信软件有限公司© 版权所有